Essential communication skills/ (Record no. 20088)
[ view plain ]
| 000 -LEADER | |
|---|---|
| fixed length control field | 00369nam a22001337a 4500 |
| 008 - FIXED-LENGTH DATA ELEMENTS--GENERAL INFORMATION | |
| fixed length control field | 230320b |||||||| |||| 00| 0 eng d |
| 020 ## - INTERNATIONAL STANDARD BOOK NUMBER | |
| International Standard Book Number | 978-8180522802 |
| 050 ## - LIBRARY OF CONGRESS CALL NUMBER | |
| Classification number | P91.3 |
| Item number | .S53 2009 |
| 100 ## - MAIN ENTRY--PERSONAL NAME | |
| Personal name | Aggarwal, Shalini |
| 245 ## - TITLE STATEMENT | |
| Title | Essential communication skills/ |
| Statement of responsibility, etc. | Shalini Aggarwal |
| 260 ## - PUBLICATION, DISTRIBUTION, ETC. (IMPRINT) | |
| Place of publication, distribution, etc. | New Delhi |
| Name of publisher, distributor, etc. | Ane Books PVt Ltd |
| Date of publication, distribution, etc. | 2009 |
| 300 ## - PHYSICAL DESCRIPTION | |
| Extent | 181p. |
| 942 ## - ADDED ENTRY ELEMENTS (KOHA) | |
| Source of classification or shelving scheme | Library of Congress Classification |
| Koha item type | General Collection |
| Withdrawn status | Lost status | Source of classification or shelving scheme | Not for loan | Home library | Current library | Date acquired | Cost, normal purchase price | Inventory number | Total Checkouts | Full call number | Barcode | Date last seen | Date last checked out | Copy number | Price effective from | Koha item type | Total Renewals |
|---|---|---|---|---|---|---|---|---|---|---|---|---|---|---|---|---|---|
| Library of Congress Classification | Kabarak, Main Campus | Kabarak, Main Campus | 20/03/2023 | 5665.00 | 1158/2021 | 6 | P91.3 .S53 2009 C.1 | 031141 | 23/02/2026 | 09/02/2026 | C.1 | 20/03/2023 | General Collection | ||||
| Library of Congress Classification | Kabarak, Main Campus | Kabarak, Main Campus | 20/03/2023 | 5665.00 | 1157/2021 | 1 | P91.3 .S53 2009 C.2 | 031142 | 08/12/2025 | 15/08/2025 | C.2 | 20/03/2023 | General Collection | 1 |